000 00556nam a2200229Ia 4500
003 OSt
005 20221005113611.0
006 a|||||r|||| 00| 0
007 ta
008 221004b |||||||| |||| 00| 0 urd d
024 _a9382
037 _cTextual
040 _aCRL
_cCRL
_burd
041 _2urd
_aurd
082 _aO168,1NZA2x, L8
100 _aZafar Iqbal
_9172465
245 0 _aAabe rawan
260 _c1978
650 _aURDU POETRY
942 _hO168,1NZA2x, L8
_cTEXL
_2cc
999 _c1028702
_d1028702